00958cam a2200265 i 45000010009000000050017000090080041000260100015000670200031000820200028001130400033001410820019001741000029001932450054002222600063002763000053003395000024003926500029004166500022004456530025004676550024004929420019005169990017005359520140005521765444320141210121838.0130311t2013 xxuadk fr 001 0 eng d a2013008350 a9780071812740 (alk. paper) a0071812741 (alk. paper) aDLCbengcDLCdDLCdEG-ScBUE00a332.6222bEDW1 aEdwards, Davis W.93685310aEnergy investing demystified /cDavis W. Edwards. aNew York, United States :bMcGraw-Hill Education,cc.2013. axviii, 299 p. :bcharts, forms, tables ;c24 cm. aIndex : p. 289-299. 0aEnergy industries936854 0aInvestments99026 bBUSADMcDecember2014 vreading book934232 2ddck332.6 EDW c18744d18716 00102ddc40708BaccahaMAINbMAINc1STd2014-12-10epurchaseg126.00h20677l0o332.6 EDWp000037138r2025-07-15 00:00:00v157.50yBB